Statistics for Bundesliga 2020-2021 Top scorers

Click here to take the quiz!

General Stats

  • This quiz has been taken 12 times
  • The average score is 8 of 11

Answer Stats

GoalsNationalityClubPlayer% Correct
20Croatia1899 HoffenheimAndrej Kramarić
100%
27NorwayBorussia DortmundErling Haaland
100%
41PolandBayern MunichRobert Lewandowski
100%
20NetherlandsVfL WolfsburgWout Weghorst
100%
11GermanyBayern MunichThomas Müller
90%
28PortugalEintracht FrankfurtAndré Silva
80%
11GermanyUnion BerlinMax Kruse
50%
16AustriaVfB StuttgartSaša Kalajdžić
50%
11Democratic Republic of the CongoVfB StuttgartSilas
50%
14GermanyBorussia MönchengladbachLars Stindl
40%
11ArgentinaBayer LeverkusenLucas Alario
30%

Score Distribution

Percentile by Number Answered

Percent of People with Each Score

Your Score History

You have not taken this quiz